| 000 | 00827nam a2200253 a 4500 | ||
|---|---|---|---|
| 001 | 58784 | ||
| 003 | BD-RjUL | ||
| 005 | 20211209080646.0 | ||
| 008 | 161219s1973 nyu b 000 0 eng | ||
| 035 | _a(BD-RjUL) 58908 | ||
| 040 |
_aLC _beng _cLC _dVMOU _dBD-RjUL |
||
| 041 | _aeng | ||
| 082 | 0 | 4 |
_a330.91724 _223 _bMCO 1973 |
| 100 | 1 |
_aMcNamara, Robert S., _d1916- _9174761 |
|
| 245 | 1 | 0 |
_aOne hundred countries, two billion people : _bthe dimensions of development / _cRobert S. McNamara. |
| 260 |
_aNew York : _bPraeger Publishers, _cc1973 |
||
| 300 |
_a140 p. ; _c21 cm. |
||
| 504 | _aIncludes bibliographical references. | ||
| 610 | 2 | 0 |
_aWorld Bank. _9171728 |
| 610 | 2 | 4 |
_aWorld Bank. _9171728 |
| 650 | 0 |
_aEconomic development. _9170469 |
|
| 651 | 0 |
_aDeveloping countries _xEconomic conditions. _9174336 |
|
| 942 |
_2ddc _cBK |
||
| 999 |
_c58784 _d58784 |
||